000 02375cam a2200649 a 4500
999 _c243
_d243
001 015840255
003 UkOxU
005 20190802104717.0
008 050224s2005 enkabo e b 001 0 eng d
015 _aGBA517991
_2bnb
020 _a9780141018669 (pbk.)
020 _a0141018666 (pbk.)
035 _a(Uk)013124186
035 _a(OCoLC)60512066
040 _aStDuBDS
_cKH8
082 0 4 _a339.46 SAC
_222
100 1 _aSachs, Jeffrey.
_eauthor
245 1 4 _aThe end of poverty :
_bhow we can make it happen in our lifetime /
_cJeffrey D. Sachs ; [foreword by Bono].
260 _aLondon :
_bPenguin,
_c2005.
300 _axviii, 396 p., [16] plates :
_bill. (some col.), col. maps ;
_c20 cm.
500 _aSimultaneously published by London : Allen Lane and by Penguin in the USA.
504 _aIncludes bibliographical references and index.
650 0 _aPoverty.
650 0 _aEconomic history
_y1750-1918.
650 0 _aEconomic history
_y1918-
700 _aBono
_eWriter of foreword
942 _2ddc
_cNFIC